[Event "BL 1011 Schachfr. Berlin - Bayern Münch"]
[Site "?"]
[Date "2010.11.13"]
[Round "3.1"]
[White "Bromberger, Stefan"]
[Black "Kraemer, Martin"]
[Result "1/2-1/2"]
[WhiteElo "2530"]
[BlackElo "2516"]
[PlyCount "103"]
[EventDate "2010.??.??"]

1. e4 c5 2. Nf3 d6 3. d4 cxd4 4. Nxd4 Nf6 5. Nc3 Nc6 6. Bg5 e6 7. Qd2 Be7 8.
O-O-O O-O 9. f4 h6 10. Bh4 Nxd4 11. Qxd4 Qa5 12. Bc4 e5 13. fxe5 dxe5 14. Qd3
Bg4 15. Rdf1 Rac8 16. Bxf6 Bxf6 17. Kb1 Bh4 18. g3 Be7 19. Nd5 Qc5 20. h3 Be6
21. Bb3 Kh8 22. h4 h5 23. Ne3 Qd4 24. Qe2 Bxb3 25. axb3 Qxe4 26. Qxh5+ Kg8 27.
Qf3 Qxf3 28. Rxf3 Bc5 29. Nd5 f5 30. Rhf1 g6 31. h5 Kg7 32. hxg6 Kxg6 33. b4
Bd6 34. Ne3 f4 35. Rd1 Rcd8 36. gxf4 exf4 37. Rg1+ Kf6 38. Nd5+ Ke5 39. c4 Rd7
40. Kc2 Kf5 41. Rh3 Rdf7 42. Rh5+ Ke6 43. Rh6+ Kd7 44. Rd1 Be5 45. Nxf4+ Kc8
46. Nd3 Bd4 47. c5 Rd8 48. Rdh1 Re7 49. R1h2 a6 50. Rd6 Rxd6 51. cxd6 Re6 52.
Rh7 1/2-1/2

[Event "BL 1011 Schachfr. Berlin - Bayern Münch"]
[Site "?"]
[Date "2010.11.13"]
[Round "3.2"]
[White "Maksimenko, Andrei"]
[Black "Schenk, Andreas"]
[Result "1/2-1/2"]
[WhiteElo "2544"]
[BlackElo "2519"]
[PlyCount "40"]
[EventDate "2010.??.??"]

1. d4 d5 2. Nf3 Nf6 3. c4 e6 4. Nc3 c6 5. Bg5 h6 6. Bxf6 Qxf6 7. Qb3 Nd7 8. e4
dxe4 9. Nxe4 Qf4 10. Bd3 e5 11. O-O exd4 12. Nxd4 Nc5 13. Nxc5 Bxc5 14. Rae1+
Kd8 15. Re4 Qf6 16. Qc3 Re8 17. Rd1 a5 18. Bc2 Rxe4 19. Nf5+ Kc7 20. Qxf6 gxf6
1/2-1/2

[Event "BL 1011 Schachfr. Berlin - Bayern Münch"]
[Site "?"]
[Date "2010.11.13"]
[Round "3.3"]
[White "Reiss, Tibor"]
[Black "Miezis, Normunds"]
[Result "0-1"]
[WhiteElo "2403"]
[BlackElo "2519"]
[PlyCount "69"]
[EventDate "2010.??.??"]

1. c4 c5 2. Nf3 Nf6 3. d4 cxd4 4. Nxd4 e5 5. Nc2 d5 6. cxd5 Qxd5 7. Qxd5 Nxd5
8. e4 Nb4 9. Nxb4 Bxb4+ 10. Bd2 Nc6 11. Bb5 Bc5 12. Nc3 O-O 13. Bxc6 bxc6 14.
Na4 Bd4 15. Be3 Rd8 16. O-O-O f5 17. Bxd4 exd4 18. Rhe1 Rb8 19. b3 Rb5 20. Kd2
Re5 21. exf5 Rxf5 22. f3 Rg5 23. g3 Rf5 24. f4 g5 25. Re4 gxf4 26. Rxf4 Rxf4
27. gxf4 Rd6 28. Kd3 Ba6+ 29. Ke4 Re6+ 30. Kf5 Bc8 31. Rxd4 Kg7 32. Nc5 Re3+
33. Rd7+ Re7 34. Ne6+ Kf7 35. Ke5 0-1

[Event "BL 1011 Schachfr. Berlin - Bayern Münch"]
[Site "?"]
[Date "2010.11.13"]
[Round "3.4"]
[White "Polzin, Rainer"]
[Black "Renner, Christoph"]
[Result "1-0"]
[WhiteElo "2494"]
[BlackElo "2420"]
[PlyCount "61"]
[EventDate "2010.??.??"]

1. e4 e6 2. d4 d5 3. Nc3 Nc6 4. Nf3 Bb4 5. e5 f6 6. Bb5 Bd7 7. O-O Nge7 8. a3
Bxc3 9. exf6 gxf6 10. bxc3 Na5 11. Bd3 Ba4 12. Nh4 Qd6 13. Qf3 Kd7 14. Bh6 f5
15. Rfe1 Rae8 16. Bf4 Qc6 17. Rab1 a6 18. Re3 Ng6 19. Nxg6 hxg6 20. Qe2 Rhg8
21. h4 Nc4 22. Bxc4 dxc4 23. Re5 b6 24. Rb4 Bb5 25. a4 Bxa4 26. Rxc4 Bb5 27.
Rxb5 Qxb5 28. Rxc7+ Kd8 29. c4 Qb1+ 30. Kh2 g5 31. Qe5 1-0

[Event "BL 1011 Schachfr. Berlin - Bayern Münch"]
[Site "?"]
[Date "2010.11.13"]
[Round "3.5"]
[White "Tischbierek, Raj"]
[Black "Schneider, Ilja"]
[Result "0-1"]
[WhiteElo "2451"]
[BlackElo "2519"]
[PlyCount "110"]
[EventDate "2010.??.??"]

1. e4 c6 2. d3 d5 3. Nd2 e5 4. Ngf3 Bd6 5. g3 Nf6 6. Bg2 O-O 7. O-O Bg4 8. h3
Bh5 9. Qe1 Re8 10. Nh4 Na6 11. a3 Nc5 12. b4 Ne6 13. Nb3 c5 14. g4 Bg6 15. Nxg6
hxg6 16. exd5 Nd4 17. Nxd4 cxd4 18. c3 dxc3 19. Qxc3 e4 20. Qb3 Rc8 21. Bg5 Qe7
22. d4 Qd7 23. Rfe1 Nh7 24. Bh4 f5 25. f3 g5 26. Bf2 Nf6 27. fxe4 Nxe4 28. Bxe4
fxe4 29. Re2 Qf7 30. Rf1 Bf4 31. Rfe1 Rf8 32. Qa2 Rc3 33. Rxe4 Bg3 34. R4e2
Rxa3 35. Qc2 Qxd5 36. Bxg3 Rxg3+ 37. Kh2 Rgf3 38. Qa2 Qb3 39. Qxb3+ Rxb3 40.
Rd1 Rff3 41. d5 Rxh3+ 42. Kg2 Rhd3 43. Rxd3 Rxd3 44. Re7 b6 45. Rd7 Kh7 46. Kf2
Kg6 47. b5 Kf6 48. d6 Ke5 49. Rxg7 Kf4 50. Rxa7 Rd2+ 51. Ke1 Rxd6 52. Rc7 Rd5
53. Rc4+ Kf3 54. Rb4 Rd3 55. Rc4 Rb3 0-1

[Event "BL 1011 Schachfr. Berlin - Bayern Münch"]
[Site "?"]
[Date "2010.11.13"]
[Round "3.6"]
[White "Thiede, Lars"]
[Black "Meister, Peter"]
[Result "1-0"]
[WhiteElo "2445"]
[BlackElo "2446"]
[PlyCount "113"]
[EventDate "2010.??.??"]

1. c4 g6 2. g3 Bg7 3. Bg2 c5 4. Nc3 Nc6 5. d3 d6 6. a3 a5 7. Nf3 e5 8. O-O Nge7
9. Ne1 O-O 10. Nc2 a4 11. Rb1 f5 12. Ne3 Qa5 13. Nb5 Qd8 14. Bd2 Kh8 15. Nd5
Nxd5 16. Bxd5 f4 17. e3 Bh3 18. Re1 fxg3 19. fxg3 h5 20. Nc3 h4 21. Bg2 Qd7 22.
Rf1 Bg4 23. Qc2 hxg3 24. hxg3 Ne7 25. Rxf8+ Rxf8 26. Be1 Bh6 27. Bf2 Bf3 28. e4
Qg4 29. Bxf3 Rxf3 30. Kg2 Be3 31. Rh1+ Kg7 32. Rh4 Rxf2+ 33. Qxf2 Qxh4 34. gxh4
Bxf2 35. Kxf2 Kh6 36. Nxa4 Kh5 37. Kg3 Nc6 38. Nc3 Nd4 39. b4 Nc2 40. b5 Nxa3
41. Nd5 g5 42. Nf6+ Kg6 43. Ne8 gxh4+ 44. Kxh4 d5 45. exd5 e4 46. dxe4 Nxc4 47.
Kg4 Kf7 48. Nc7 Ke7 49. Kf4 Kd7 50. Ne6 Kd6 51. Ng7 Nb6 52. Nf5+ Kd7 53. Ne3
Ke7 54. e5 Kf7 55. Ke4 Kg6 56. d6 Kf7 57. Nd5 1-0

[Event "BL 1011 Schachfr. Berlin - Bayern Münch"]
[Site "?"]
[Date "2010.11.13"]
[Round "3.7"]
[White "Meissner, Bernd"]
[Black "Poldauf, Dirk"]
[Result "0-1"]
[WhiteElo "2401"]
[BlackElo "2390"]
[PlyCount "76"]
[EventDate "2010.??.??"]

1. d4 Nf6 2. c4 g6 3. Nc3 Bg7 4. e4 d6 5. Nf3 O-O 6. Be2 e5 7. O-O Na6 8. Be3
Ng4 9. Bg5 f6 10. Bc1 c6 11. h3 Nh6 12. Rb1 Nf7 13. b4 f5 14. b5 Nc7 15. bxc6
bxc6 16. d5 c5 17. Bd2 Ne8 18. Rb3 Bh6 19. Bxh6 Nxh6 20. Qd2 Nf7 21. Rfb1 Bd7
22. Rb7 f4 23. Qb2 Nf6 24. Qa3 a6 25. Qb2 g5 26. Qb6 Qe8 27. Ra7 Rxa7 28. Qxa7
h5 29. Rb7 g4 30. hxg4 hxg4 31. Nh4 f3 32. Bf1 fxg2 33. Bxg2 Ng5 34. Nf5 Nf3+
35. Bxf3 gxf3 36. Kf1 Qh5 37. Ng3 Qg5 38. Rb1 Qd2 0-1

[Event "BL 1011 Schachfr. Berlin - Bayern Münch"]
[Site "?"]
[Date "2010.11.13"]
[Round "3.8"]
[White "Thinius, Marco"]
[Black "Deglmann, Ludwig"]
[Result "1-0"]
[WhiteElo "2367"]
[BlackElo "2397"]
[PlyCount "37"]
[EventDate "2010.??.??"]

1. e4 c5 2. Nc3 Nc6 3. Bb5 Nd4 4. Bc4 e6 5. Nge2 Ne7 6. Nxd4 cxd4 7. Ne2 Nc6 8.
O-O a6 9. d3 Bc5 10. Bb3 O-O 11. Bd2 Kh8 12. Ng3 Qh4 13. f4 f5 14. exf5 exf5
15. Qf3 d6 16. Rae1 Bd7 17. Be6 Bxe6 18. Rxe6 Nd8 19. Nxf5 1-0

[Event "BL 1011 Hamburger SK - Nickelhütte Aue"]
[Site "?"]
[Date "2010.11.13"]
[Round "3.1"]
[White "Meijers, Viesturs"]
[Black "Wojtaszek, Radoslav"]
[Result "0-1"]
[WhiteElo "2502"]
[BlackElo "2711"]
[PlyCount "80"]
[EventDate "2010.??.??"]

1. Nf3 Nf6 2. c4 c6 3. b3 d5 4. Bb2 Bf5 5. g3 e6 6. Bg2 Be7 7. O-O O-O 8. d3 h6
9. a3 a5 10. Re1 Nbd7 11. Nc3 Bh7 12. Rc1 Re8 13. h3 Qb6 14. Na4 Qa6 15. c5
Rec8 16. Nd4 b5 17. cxb6 Qb7 18. Nf3 Nxb6 19. Nc5 Bxc5 20. Rxc5 Nbd7 21. Rc1
Rab8 22. Nd2 c5 23. a4 Qa6 24. Rc2 Bg6 25. Qa1 d4 26. Rec1 Nd5 27. Bxd5 exd5
28. Nf3 Re8 29. Ba3 Qf6 30. Kg2 Rxb3 31. Bxc5 Nxc5 32. Rxc5 Rxe2 33. Qxd4 Rxd3
34. Qxf6 gxf6 35. Nh4 Be4+ 36. Kg1 d4 37. f3 Bxf3 38. Rxa5 Be4 39. Nf5 Rg2+ 40.
Kf1 Rf3+ 0-1

[Event "BL 1011 Hamburger SK - Nickelhütte Aue"]
[Site "?"]
[Date "2010.11.13"]
[Round "3.2"]
[White "Kempinski, Robert"]
[Black "Slobodjan, Roman"]
[Result "1-0"]
[WhiteElo "2615"]
[BlackElo "2556"]
[PlyCount "61"]
[EventDate "2010.??.??"]

1. d4 d5 2. Nf3 e6 3. c4 Nd7 4. Nbd2 Ngf6 5. g3 c5 6. cxd5 exd5 7. Bg2 Bd6 8.
O-O O-O 9. b3 Re8 10. Bb2 cxd4 11. Nxd4 Ne5 12. Rc1 Bg4 13. N2f3 Nxf3+ 14. Nxf3
Qe7 15. h3 Bd7 16. Bxf6 Qxf6 17. Qxd5 Bc6 18. Qd4 Qe7 19. Nh4 Be5 20. Qc4 Bd7
21. e3 Bf6 22. Nf3 Qa3 23. Qe2 a5 24. Rc7 Bc6 25. Qc4 Qd6 26. Qxf7+ Kh8 27. Ng5
Rf8 28. Bxc6 bxc6 29. h4 h6 30. Qg6 hxg5 31. Rxg7 1-0

[Event "BL 1011 Hamburger SK - Nickelhütte Aue"]
[Site "?"]
[Date "2010.11.13"]
[Round "3.3"]
[White "Petr, Martin"]
[Black "Hansen, Sune Berg"]
[Result "1/2-1/2"]
[WhiteElo "2468"]
[BlackElo "2595"]
[PlyCount "106"]
[EventDate "2010.??.??"]

1. e4 e5 2. Nf3 Nc6 3. d4 exd4 4. Nxd4 Nf6 5. Nxc6 bxc6 6. e5 Qe7 7. Qe2 Nd5 8.
c4 Ba6 9. b3 g6 10. g3 Bg7 11. Bb2 O-O 12. Bg2 Rae8 13. O-O Bxe5 14. Qxe5 Qxe5
15. Bxe5 Rxe5 16. cxd5 Bxf1 17. Kxf1 cxd5 18. Nc3 c6 19. Na4 Rb8 20. Nc5 Re7
21. Nd3 a5 22. Bf3 Kf8 23. Kg2 Ke8 24. Rc1 Rb5 25. g4 h6 26. h4 Kd8 27. Rc2 Kc7
28. Kg3 Kd6 29. Kf4 Re8 30. Rc1 Reb8 31. Re1 a4 32. b4 Rxb4+ 33. Nxb4 Rxb4+ 34.
Ke3 g5 35. hxg5 hxg5 36. Rd1 Ke5 37. Rd2 a3 38. Kd3 c5 39. Bd1 Rd4+ 40. Kc3
Rxd2 41. Kxd2 Kd4 42. Ba4 d6 43. Be8 f6 44. f3 c4 45. Bf7 Kc5 46. Bg8 d4 47.
Bf7 d3 48. Kc3 d5 49. Bg8 Kd6 50. Kd2 Kc5 51. Kc3 d4+ 52. Kd2 Kb4 53. Bf7 Kc5
1/2-1/2

[Event "BL 1011 Hamburger SK - Nickelhütte Aue"]
[Site "?"]
[Date "2010.11.13"]
[Round "3.4"]
[White "Ftacnik, Lubomir Dr"]
[Black "Prohaszka, Peter"]
[Result "1-0"]
[WhiteElo "2568"]
[BlackElo "2529"]
[PlyCount "139"]
[EventDate "2010.??.??"]

1. Nf3 d5 2. d4 Nf6 3. c4 c6 4. e3 g6 5. Nc3 Bg7 6. Be2 O-O 7. O-O dxc4 8. Bxc4
Bg4 9. h3 Bxf3 10. Qxf3 Nbd7 11. Rd1 e5 12. d5 e4 13. Nxe4 Nxe4 14. Qxe4 Nb6
15. Bb3 cxd5 16. Bxd5 Nxd5 17. Rxd5 Qb6 18. Qd3 Rfd8 19. e4 Bd4 20. Bg5 Rxd5
21. exd5 Bxf2+ 22. Kh1 Qxb2 23. Rf1 Qe5 24. Qd2 Bg3 25. Bf6 Qd6 26. Qe3 Qa6 27.
Qf3 Re8 28. Bh4 Qxf1+ 29. Qxf1 Bxh4 30. Qf4 Be1 31. d6 Ba5 32. Kh2 Re2 33. a4
Rd2 34. Qe5 Bb6 35. d7 a5 36. Qb8+ Kg7 37. Qxb7 Bd4 38. Qc7 Bf6 39. Kg3 h5 40.
Kf3 Rd5 41. Ke2 Rd4 42. Qxa5 Rxd7 43. Qb5 Re7+ 44. Kd3 Re5 45. Qc6 Rg5 46. Qa8
Rg3+ 47. Kc4 Rc3+ 48. Kb4 Rg3 49. Qe4 Rg5 50. a5 Bc3+ 51. Kxc3 Rxa5 52. Qd4+
Kh7 53. Qc4 Rf5 54. Kd3 Kg7 55. Qd4+ Kh7 56. Ke4 Kg8 57. Qd8+ Kg7 58. Qd7 Rg5
59. Qd4+ Kh7 60. Qf6 Rxg2 61. Qxf7+ Kh6 62. Qf4+ Kg7 63. Qe3 Rc2 64. Qd4+ Kh7
65. Ke5 Rc7 66. Kf6 Rb7 67. Qe4 Rb6+ 68. Kf7 Ra6 69. Qd4 Kh6 70. h4 1-0

[Event "BL 1011 Hamburger SK - Nickelhütte Aue"]
[Site "?"]
[Date "2010.11.13"]
[Round "3.5"]
[White "Spiess, Gunter"]
[Black "Rogozenco, Dorian"]
[Result "1/2-1/2"]
[WhiteElo "2429"]
[BlackElo "2522"]
[PlyCount "89"]
[EventDate "2010.??.??"]

1. d4 d5 2. c4 c6 3. Nf3 Nf6 4. Nc3 a6 5. a4 e6 6. g3 dxc4 7. Bg2 c5 8. dxc5
Qxd1+ 9. Nxd1 Bxc5 10. Be3 Bb4+ 11. Bd2 Nc6 12. Ne3 Ke7 13. Nxc4 Bxd2+ 14.
Nfxd2 Bd7 15. O-O Rhd8 16. Nb3 Be8 17. Nb6 Rab8 18. Rfc1 Nd4 19. Nxd4 Rxd4 20.
Rc7+ Kd8 21. Rc2 a5 22. Nc4 b6 23. e3 Rd7 24. Ne5 Rd6 25. Rac1 Bxa4 26. Nxf7+
Ke7 27. Nxd6 Bxc2 28. Nb5 Ba4 29. Nd4 Bd7 30. f4 Rc8 31. Rxc8 Bxc8 32. e4 Ba6
33. e5 Nd7 34. Kf2 Nc5 35. Ke3 Na4 36. b4 axb4 37. Nc6+ Kf7 38. Nxb4 Bb5 39.
Be4 h6 40. h4 Nc5 41. Bb1 Na6 42. Na2 Ke7 43. Nc3 Bc6 44. Kd4 Nc7 45. Bd3
1/2-1/2

[Event "BL 1011 Hamburger SK - Nickelhütte Aue"]
[Site "?"]
[Date "2010.11.13"]
[Round "3.6"]
[White "Heinemann, Thies"]
[Black "Diebl, Lutz"]
[Result "1/2-1/2"]
[WhiteElo "2488"]
[BlackElo "2222"]
[PlyCount "71"]
[EventDate "2010.??.??"]

1. e4 Nc6 2. Nf3 d6 3. d4 Nf6 4. Nc3 g6 5. Be2 Bg7 6. O-O O-O 7. h3 e5 8. Be3
exd4 9. Nxd4 Re8 10. Nxc6 bxc6 11. Bd3 Bb7 12. Re1 c5 13. Bg5 h6 14. Bh4 g5 15.
Bg3 Nd7 16. Qd2 Ne5 17. Bb5 Re6 18. Rad1 Rb8 19. b3 Ba8 20. Bd3 Qe8 21. Nd5
Bxd5 22. exd5 Re7 23. Bf5 Bf6 24. f4 Ng6 25. Bxg6 fxg6 26. Rxe7 Qxe7 27. Qd3
Kg7 28. Re1 Qf7 29. fxg5 hxg5 30. Qe4 Rb4 31. c4 a5 32. Kh2 a4 33. Qd3 axb3 34.
axb3 Rb8 35. Re6 Ra8 36. Re5 1/2-1/2

[Event "BL 1011 Hamburger SK - Nickelhütte Aue"]
[Site "?"]
[Date "2010.11.13"]
[Round "3.7"]
[White "Wichmann, Cliff"]
[Black "Berger, Steve"]
[Result "1-0"]
[WhiteElo "2341"]
[BlackElo "2423"]
[PlyCount "75"]
[EventDate "2010.??.??"]

1. d4 e6 2. e4 d5 3. Nc3 Bb4 4. exd5 exd5 5. Bd3 Nc6 6. a3 Ba5 7. Nge2 Be6 8.
Be3 Qd7 9. b4 Bb6 10. Na4 Nge7 11. Nc5 Bxc5 12. dxc5 Nf5 13. Bf4 Nh4 14. Bg3
Nxg2+ 15. Kd2 Bh3 16. b5 Na5 17. Nd4 h5 18. Qf3 Nc4+ 19. Kc3 h4 20. c6 bxc6 21.
bxc6 Qe7 22. Bxc4 hxg3 23. hxg3 Rd8 24. Bb3 Rh6 25. Rxh3 Ne1 26. Qe2 Qxe2 27.
Nxe2 Rxh3 28. Rxe1 Kf8 29. Nf4 d4+ 30. Kd3 Rh6 31. Nd5 Rxc6 32. Rh1 Rh6 33.
Rxh6 gxh6 34. Nxc7 Ke7 35. Nd5+ Kd6 36. Kxd4 Rb8 37. Ne3 Rh8 38. Ke4 1-0

[Event "BL 1011 Hamburger SK - Nickelhütte Aue"]
[Site "?"]
[Date "2010.11.13"]
[Round "3.8"]
[White "Sebastian, Dirk"]
[Black "Rosko, Lubos"]
[Result "1-0"]
[WhiteElo "2439"]
[BlackElo "2305"]
[PlyCount "57"]
[EventDate "2010.??.??"]

1. e4 c5 2. Nc3 d6 3. f4 a6 4. a4 Nc6 5. Bc4 e6 6. Nf3 Nf6 7. d3 d5 8. Ba2 dxe4
9. Nxe4 Nxe4 10. dxe4 Qxd1+ 11. Kxd1 b5 12. c3 Bb7 13. Bb1 Rd8+ 14. Ke2 b4 15.
Be3 Be7 16. Nd2 e5 17. f5 g6 18. Rf1 gxf5 19. exf5 Rg8 20. g3 Na5 21. f6 Bf8
22. Rf5 Nc6 23. Be4 Bd6 24. Rh5 bxc3 25. bxc3 Kd7 26. Rxh7 Ke6 27. Rb1 Ba8 28.
Rf1 Rdf8 29. Bh6 1-0

[Event "BL1011 SV Griesheim - Bremen"]
[Site "schachbundesliga.de"]
[Date "2009.11.14"]
[Round "3.1"]
[White "Efimenko, Zahar"]
[Black "Mista, Aleksander"]
[Result "1-0"]
[WhiteElo "2683"]
[BlackElo "2574"]
[PlyCount "91"]
[EventDate "2009.??.??"]

1. c4 e5 2. Nc3 Nf6 3. Nf3 d6 4. d4 Nbd7 5. e4 g6 6. Be2 Bg7 7. O-O O-O 8. Qc2
Nh5 9. Bg5 Bf6 10. Be3 Ng7 11. Rad1 Ne6 12. dxe5 dxe5 13. c5 c6 14. b4 Qc7 15.
Bc4 Re8 16. Rd6 Ndf8 17. Rfd1 Bd7 18. Ne2 b5 19. Bb3 a5 20. bxa5 Re7 21. Bd2
Be8 22. Bb4 Kg7 23. Qc3 Nd7 24. h3 Nd8 25. a4 bxa4 26. Bxa4 Re6 27. Bb3 Rxd6
28. cxd6 Qa7 29. Qc2 c5 30. Bc3 Nc6 31. Bd5 Rc8 32. Bxc6 Rxc6 33. Qb2 Qa6 34.
Nxe5 Bxe5 35. Bxe5+ f6 36. Bxf6+ Nxf6 37. e5 Kf7 38. Nf4 Bd7 39. e6+ Bxe6 40.
Nxe6 Rxd6 41. Ng5+ Ke7 42. Qe5+ Kd7 43. Qe6+ Kc7 44. Qe7+ Rd7 45. Rxd7+ Nxd7
46. Ne6+ 1-0

[Event "BL1011 SV Griesheim - Bremen"]
[Site "schachbundesliga.de"]
[Date "2009.11.14"]
[Round "3.2"]
[White "Berczes, David"]
[Black "Fressinet, Laurent"]
[Result "1/2-1/2"]
[WhiteElo "2520"]
[BlackElo "2718"]
[PlyCount "52"]
[EventDate "2009.??.??"]

1. d4 d6 2. Nf3 g6 3. c4 Bg7 4. Nc3 Nf6 5. e4 O-O 6. Be2 Na6 7. O-O e5 8. Re1
Qe8 9. Bg5 exd4 10. Qxd4 Ng4 11. Qd2 Nc5 12. Bf1 Ne6 13. Bh4 Ne5 14. Be2 Kh8
15. Rad1 f5 16. exf5 gxf5 17. Nd5 Qf7 18. Ng5 Nxg5 19. Bxg5 Be6 20. b3 Bxd5 21.
Qxd5 f4 22. Qxf7 Rxf7 23. g3 f3 24. Bf1 b6 25. Bh3 h6 26. Bf4 Ng6 1/2-1/2

[Event "BL1011 SV Griesheim - Bremen"]
[Site "schachbundesliga.de"]
[Date "2009.11.14"]
[Round "3.4"]
[White "Jakubowski, Krzysztof"]
[Black "Roiz, Michael"]
[Result "1/2-1/2"]
[WhiteElo "2500"]
[BlackElo "2637"]
[PlyCount "90"]
[EventDate "2009.??.??"]

1. e4 c6 2. d4 d5 3. exd5 cxd5 4. Bf4 Nc6 5. c3 Nf6 6. Bd3 g6 7. Nd2 Nh5 8. Be3
Qd6 9. Ne2 Bg7 10. h3 Nf6 11. Bf4 Qd8 12. Ng3 Nd7 13. Nf3 O-O 14. O-O e5 15.
dxe5 Ndxe5 16. Nxe5 Nxe5 17. Re1 Nc6 18. Qd2 Be6 19. Bg5 Qd6 20. Bh6 Qd8 21.
Bxg7 Kxg7 22. f4 Qd6 23. Qf2 Rae8 24. Rad1 f6 25. Bb5 Qc7 26. Ne2 Bf7 27. Nd4
Re4 28. Rxe4 dxe4 29. Bxc6 bxc6 30. Nc2 c5 31. Ne3 Rd8 32. Rxd8 Qxd8 33. a3 a5
34. g4 Qd3 35. h4 Be6 36. f5 gxf5 37. gxf5 Bf7 38. Kh2 h5 39. Ng2 Qd5 40. Ne3
Qd3 41. Kg3 Qd6+ 42. Kg2 Kh7 43. Qe1 a4 44. Qg3 Qd2+ 45. Qf2 Qd3 1/2-1/2

[Event "BL1011 SV Griesheim - Bremen"]
[Site "schachbundesliga.de"]
[Date "2009.11.14"]
[Round "3.5"]
[White "Nyback, Tomi"]
[Black "Murdzia, Piotr"]
[Result "1/2-1/2"]
[WhiteElo "2635"]
[BlackElo "2477"]
[PlyCount "92"]
[EventDate "2009.??.??"]

1. d4 d5 2. c4 c6 3. Nf3 Nf6 4. e3 Bf5 5. Nc3 e6 6. Nh4 Be4 7. f3 Bg6 8. Qb3
Qc7 9. Bd2 Nbd7 10. cxd5 Nxd5 11. Nxd5 exd5 12. O-O-O Qb6 13. Qc3 a5 14. e4 Bb4
15. Qd3 dxe4 16. fxe4 Bxd2+ 17. Rxd2 c5 18. Qh3 cxd4 19. Nxg6 Qxg6 20. Bb5 Qe6
21. Qa3 Qe7 22. Qa4 O-O-O 23. Qxa5 Kb8 24. Rxd4 Ne5 25. Ra4 Qc7+ 26. Qxc7+ Kxc7
27. Be2 Ra8 28. Rxa8 Rxa8 29. a3 Ra4 30. Bf3 g5 31. h3 f5 32. exf5 Nxf3 33.
gxf3 Rf4 34. Rf1 Rxf5 35. Kd2 Rf4 36. Ke3 Rh4 37. Rh1 Rc4 38. Rh2 b5 39. Kf2 b4
40. axb4 Rxb4 41. Kg3 Kd6 42. Re2 h6 43. Re8 Rxb2 44. Rh8 Ke5 45. Rxh6 Kf5 46.
Rc6 Ke5 1/2-1/2

[Event "BL1011 SV Griesheim - Bremen"]
[Site "schachbundesliga.de"]
[Date "2009.11.14"]
[Round "3.6"]
[White "Bulski, Krzysztof"]
[Black "Hracek, Zbynek"]
[Result "1-0"]
[WhiteElo "2459"]
[BlackElo "2633"]
[PlyCount "79"]
[EventDate "2009.??.??"]

1. e4 c5 2. Nf3 d6 3. d4 cxd4 4. Nxd4 Nf6 5. Nc3 e6 6. Be2 Be7 7. O-O O-O 8.
Be3 a6 9. f4 Qc7 10. Kh1 b5 11. Bf3 Bb7 12. e5 dxe5 13. fxe5 Nfd7 14. Bxb7 Qxb7
15. Qh5 b4 16. Nce2 Nc6 17. Bf4 Nxd4 18. Nxd4 Rac8 19. Rad1 Rc4 20. Qg4 Kh8 21.
Bg3 Nb6 22. b3 Rcc8 23. Rd3 Nd5 24. Qh5 Bc5 25. Bf4 g6 26. Qh6 Bxd4 27. Rxd4
Nxf4 28. Rdxf4 Kg8 29. Rh4 f5 30. exf6 Rxc2 31. Rg4 Rc5 32. Rxb4 Qc7 33. Rc4
Rxc4 34. bxc4 e5 35. c5 Rf7 36. Qe3 Kf8 37. Qe4 Rd7 38. Qa8+ Rd8 39. Qxa6 Qxc5
40. Qb7 1-0

[Event "BL1011 SV Griesheim - Bremen"]
[Site "schachbundesliga.de"]
[Date "2009.11.14"]
[Round "3.7"]
[White "Babula, Vlastimil"]
[Black "Geske, Julian"]
[Result "1-0"]
[WhiteElo "2515"]
[BlackElo "2364"]
[PlyCount "63"]
[EventDate "2009.??.??"]

1. d4 Nf6 2. c4 g6 3. Nc3 Bg7 4. e4 d6 5. Nf3 O-O 6. Be2 e5 7. d5 a5 8. Be3 Ng4
9. Bg5 f6 10. Bd2 f5 11. exf5 gxf5 12. Ng5 Qf6 13. h3 Nh6 14. g4 Qe7 15. Rg1
Kh8 16. Nxh7 Kxh7 17. g5 Ng8 18. Bf1 Bh8 19. Qh5+ Kg7 20. O-O-O f4 21. Bd3 Bf5
22. Bxf5 Rxf5 23. Ne4 Qf7 24. Qg4 Nd7 25. g6 Qf8 26. Ng5 Nc5 27. Nf7 Ne7 28.
Bc3 Re8 29. h4 Rxf7 30. gxf7+ Kxf7 31. Qh5+ Kf6 32. Rg4 1-0

[Event "BL1011 SV Griesheim - Bremen"]
[Site "schachbundesliga.de"]
[Date "2009.11.14"]
[Round "3.8"]
[White "Koehler, Ronald"]
[Black "Skripchenko, Almira"]
[Result "0-1"]
[WhiteElo "2289"]
[BlackElo "2464"]
[PlyCount "46"]
[EventDate "2009.??.??"]

1. d4 d6 2. c4 e5 3. Nf3 e4 4. Ng5 f5 5. Nc3 Be7 6. Nd5 Bxg5 7. Bxg5 Qxg5 8.
Nxc7+ Kd8 9. Nxa8 e3 10. fxe3 Qxe3 11. Qb3 f4 12. c5 dxc5 13. dxc5 Qxc5 14.
Rd1+ Nd7 15. g3 Ngf6 16. Bg2 Ng4 17. Bxb7 Qf2+ 18. Kd2 Qe3+ 19. Kc2 Qxb3+ 20.
Kxb3 Bxb7 21. Rxd7+ Kxd7 22. Rd1+ Kc8 23. Rc1+ Kb8 0-1

[Event "BL1011 SG Trier - Delmenhorster SK"]
[Site "schachbundesliga.de"]
[Date "2009.11.14"]
[Round "3.1"]
[White "Heberla, Bartlomiej"]
[Black "Lupulescu, Constantin"]
[Result "0-1"]
[WhiteElo "2534"]
[BlackElo "2617"]
[PlyCount "144"]
[EventDate "2009.??.??"]

1. c4 Nf6 2. Nc3 c5 3. g3 d5 4. cxd5 Nxd5 5. Bg2 Nc7 6. Qa4+ Bd7 7. Qb3 Nc6 8.
Qxb7 Nd4 9. Qe4 g6 10. Qb1 Bg7 11. e3 Bc6 12. Ne4 f5 13. exd4 fxe4 14. Bxe4 Qd7
15. Ne2 cxd4 16. O-O O-O 17. Bxc6 Qxc6 18. d3 Rf3 19. Bd2 Nd5 20. Qd1 Raf8 21.
Rc1 Qb5 22. Nf4 Nxf4 23. Bxf4 Rxd3 24. Rc5 Qxc5 25. Qxd3 Qd5 26. Re1 e5 27. Bd2
Qxa2 28. b3 Kh8 29. Re2 Qa1+ 30. Kg2 Qa3 31. Qb5 Qd6 32. Bb4 Qb8 33. Qxb8 Rxb8
34. Bd6 d3 35. Re3 Rxb3 36. Bxe5 Bxe5 37. Rxe5 d2 38. Rd5 Rb2 39. Kf3 Kg7 40.
Ke2 d1=Q+ 41. Kxd1 Rxf2 42. Ra5 Rf7 43. Ke2 Kf6 44. Ke3 Ke6 45. Ke4 Kd6 46. Ra2
Kc6 47. g4 Kb5 48. Rb2+ Kc4 49. Ra2 Kb4 50. Rb2+ Ka3 51. Rb5 Ka4 52. Rb8 a5 53.
h4 Ka3 54. h5 gxh5 55. gxh5 Rf6 56. Rb5 Ka4 57. Rg5 Kb4 58. Rg4 Ra6 59. Kf5+
Kb5 60. Rg7 h6 61. Rb7+ Rb6 62. Re7 a4 63. Re5+ Kb4 64. Re4+ Ka5 65. Re3 Ra6
66. Kf4 Kb4 67. Re4+ Kc3 68. Re3+ Kd2 69. Rg3 a3 70. Rg2+ Kc3 71. Rg3+ Kb4 72.
Rg6 Kb5 0-1

[Event "BL1011 SG Trier - Delmenhorster SK"]
[Site "schachbundesliga.de"]
[Date "2009.11.14"]
[Round "3.2"]
[White "Howell, David W L"]
[Black "Warakomski, Tomasz"]
[Result "1-0"]
[WhiteElo "2616"]
[BlackElo "2468"]
[PlyCount "51"]
[EventDate "2009.??.??"]

1. e4 g6 2. d4 Bg7 3. Nc3 c6 4. h3 d5 5. Nf3 Nh6 6. Bf4 O-O 7. Qd2 dxe4 8. Nxe4
Nf5 9. O-O-O Qd5 10. Nc3 Qa5 11. Bc4 Rd8 12. Rhe1 b5 13. Bb3 c5 14. Bd5 Rxd5
15. Nxd5 Qxa2 16. Qc3 Qxd5 17. dxc5 Bxc3 18. Rxd5 Ba5 19. b4 Be6 20. Rdd1 Bxb4
21. Rd8+ Kg7 22. Rxe6 Ba5 23. Rc8 fxe6 24. g4 Nh6 25. Be5+ Kf7 26. Ng5# 1-0

[Event "BL1011 SG Trier - Delmenhorster SK"]
[Site "schachbundesliga.de"]
[Date "2009.11.14"]
[Round "3.4"]
[White "Bobras, Piotr"]
[Black "Lammers, Markus"]
[Result "1/2-1/2"]
[WhiteElo "2535"]
[BlackElo "2395"]
[PlyCount "55"]
[EventDate "2009.??.??"]

1. e4 e6 2. d4 d5 3. Nc3 Nc6 4. Nf3 Nf6 5. e5 Ne4 6. Ne2 f6 7. Ng3 fxe5 8. dxe5
Be7 9. c3 O-O 10. Qc2 Ng5 11. Bxg5 Bxg5 12. Bd3 h6 13. Qe2 Rxf3 14. Qxf3 Nxe5
15. Qe2 Nxd3+ 16. Qxd3 e5 17. O-O Be6 18. Rae1 e4 19. Qe2 Qd6 20. f3 e3 21. Nf5
Bf7 22. f4 Bh5 23. Qxh5 Bxf4 24. Qf3 Bxh2+ 25. Kh1 Be5 26. Rxe3 Bf6 27. Re6 Rd8
28. Kg1 1/2-1/2

[Event "BL1011 SG Trier - Delmenhorster SK"]
[Site "schachbundesliga.de"]
[Date "2009.11.14"]
[Round "3.5"]
[White "Luch, Michal"]
[Black "Cyborowski, Lukasz"]
[Result "1/2-1/2"]
[WhiteElo "2385"]
[BlackElo "2531"]
[PlyCount "41"]
[EventDate "2009.??.??"]

1. d4 Nf6 2. c4 c6 3. Nf3 d5 4. e3 Bf5 5. Nc3 e6 6. Nh4 Bg6 7. Qb3 Qc7 8. Nxg6
hxg6 9. g3 Nbd7 10. Bg2 Nb6 11. cxd5 exd5 12. Qc2 Be7 13. b3 Qd7 14. Bd2 Qf5
15. Qxf5 gxf5 16. f3 Nbd7 17. h3 Nf8 18. Kf2 Ne6 19. Ne2 Bd6 20. Bc3 Ke7 21. b4
1/2-1/2